| 000 | 00813cam a2200181 4500 | ||
|---|---|---|---|
| 001 | WB3825-06 | ||
| 008 | 020710n2002 000 0 eng u | ||
| 035 | _a(Sirsi) u118753 | ||
| 245 | _aMost efficient windfarm opened | ||
| 260 | _c2002 | ||
| 490 |
_aDTI Press Notice _v(2002/436) 8 July 2002, (2) |
||
| 520 | _aEnergy Minister, Brian Wilson, has opened UK's most efficient windfarm in Bein an Tuirc, Argyll. 46 wind turbines will deliver enough electricity to supply 25 000 homes. Situation of windfarm contributes to efficiency. It is first of three such developments. www.nds.coi.gov.uk/coi/coipress.nsf/2b45e1e3ffe090ac802567350059d840/829bb126ff6bfdbe80256bf000312e88?OpenDocument | ||
| 590 | _aWB | ||
| 650 | _aWINDFARMS | ||
| 650 | _aENERGY EFFICIENCY | ||
| 690 |
_aEnvironment _96238 |
||
| 942 | _n0 | ||
| 999 |
_c70694 _d70694 |
||